| 000 | 00452nam a22001817a 4500 | ||
|---|---|---|---|
| 003 | NUST - PNEC | ||
| 005 | 20170116180931.0 | ||
| 008 | 150906b xxu||||| |||| 00| 0 eng d | ||
| 020 | _a0133821935 | ||
| 040 | _cLIBRARY | ||
| 082 | _a658.155 DEG | ||
| 100 |
_98314 _aDegarmo, E. Paul |
||
| 245 |
_aEngineering economy _cE. Paul Degarmo |
||
| 250 | _a10th ed. | ||
| 260 | _cc.1997 | ||
| 650 |
_98315 _aEngineering Economy _xME, EL |
||
| 942 |
_2ddc _cBK |
||
| 999 |
_c65937 _d65937 |
||